| 000 | 00767nam a2200229Ii 4500 | ||
|---|---|---|---|
| 003 | JO-AjNU | ||
| 008 | 230605s9999||||xx |||||||||||||| ||und|| | ||
| 017 | _a1981/2456 | ||
| 020 | _a977-306-269-4 | ||
| 040 |
_aJO-AjNU _bara _erda _cJO-AjNU |
||
| 041 | _aara | ||
| 050 | 1 | 4 | _aPJ8211.A27 1981 |
| 100 | 3 |
_aأبو الرضا، سعد, _eauthor _936595 |
|
| 245 | 0 | 0 | _aالكلمة..والبناء الدرامي: رؤية نقدية تحليلية مقارنة |
| 250 | _aط1 | ||
| 264 | 3 | 1 | _aد.م: دار الفكر العربي، 1981 |
| 300 | _a314ص | ||
| 336 |
_atext _btxt _2rdacontent |
||
| 337 |
_aunmediated _bn _2rdamedia |
||
| 338 |
_avolume _bnc _2rdacarrier |
||
| 650 | 4 |
_aالأدب العربي- دراما ومسرح - تحليل ونقد _936596 |
|
| 999 |
_aA15218 _c18786 _d18786 |
||